Kaart van Braziliaanse Steden Quiz - Statistieken

Algemene statistieken
  • Deze quiz is 48 keer genomen
  • De gemiddelde score is 7 van 14
Antwoorden op de kaart
Antwoorden kleurgecodeerd door een groen-rode schaal op de quizkaart volgens % correct hieronder.
 
Antwoordstatistieken
Antwoord % Correct
Brasília
79%
Rio de Janeiro
79%
São Paulo
70%
Manaus
64%
Fortaleza
58%
Belém
55%
Belo Horizonte
48%
Porto Alegre
48%
Salvador
45%
Curitiba
39%
Cuiabá
33%
Campo Grande
27%
Porto Velho
27%
Teresina
15%
Geen overeenkomende quizzen gevonden
Scoreverdeling
Procent van Mensen met Elke Score
Percentiel versus Aantal Correcte Antwoorden
Uw Scoregeschiedenis
U heeft deze quiz nog niet genomen